[Event "Wuerttemberg-ch Seniors 14th"]
[Site "Ellwangen"]
[Date "2002.??.??"]
[Round "8"]
[White "Koenig, Gerd"]
[Black "Moeller, Bruno"]
[Result "1/2-1/2"]
[WhiteElo "1735"]
[BlackElo "1820"]
[PlyCount "122"]
[EventDate "2002.03.30"]
[EventType "swiss"]
[EventRounds "9"]
[EventCountry "GER"]
[SourceTitle "EXT 2006"]
[Source "ChessBase"]
[SourceDate "2005.11.24"]
[SourceVersion "1"]
[SourceVersionDate "2005.11.24"]
[SourceQuality "1"]

1. e4 d6 2. d4 Nf6 3. Nc3 c6 4. Nf3 Bg4 5. Be2 Qa5 6. Bd2 Bxf3 7. Bxf3 e5 8. Nd5 Qd8 9. Nxf6+ Qxf6 10. Be3 Nd7 11. c3 Qd8 12. Qb3 b6 13. Bh5 g6 14. Be2 Bg7 15. 0-0 0-0 16. Rad1 Qe7 17. Bd3 Kh8 18. f4 c5 19. dxe5 dxe5 20. Qc2 Rad8 21. f5 Nf6 22. Qe2 h6 23. g4 Nh7 24. Rf2 Qh4 25. Rg2 Qe7 26. Qf2 Ng5 27. Qe2 Nh3+ 28. Kh1 g5 29. Rg3 Nf4 30. Bxf4 exf4 31. Rf3 c4 32. Bc2 Rxd1+ 33. Qxd1 Rd8 34. Qe2 b5 35. Rf1 Qc5 36. Rd1 Rxd1+ 37. Bxd1 a5 38. a3 b4 39. a4 bxc3 40. b3 cxb3 41. Bxb3 Qe3 42. Qxe3 fxe3 43. Kg1 Be5 44. h3 Kg7 45. Kf1 Kf6 46. Ke2 Bd4 47. Bd1 Ke5 48. Kd3 f6 49. Bc2 Kf4 50. Ke2 Kg3 51. e5 Bxe5 52. Kxe3 Kxh3 53. Kf3 Kh2 54. Bd1 Kg1 55. Ke4 Kf2 56. Kd3 Ke1 57. Kc2 Bd4 58. Bf3 Kf2 59. Bd1 Ke3 60. Kc1 Kd3 61. Bc2+ Ke3 1/2-1/2

[Event "Wuerttemberg-ch Seniors 14th"]
[Site "Ellwangen"]
[Date "2002.??.??"]
[Round "4"]
[White "Koenig, Gerd"]
[Black "Schimmelpfennig, Hans"]
[Result "1/2-1/2"]
[WhiteElo "1735"]
[BlackElo "1801"]
[PlyCount "38"]
[EventDate "2002.03.30"]
[EventType "swiss"]
[EventRounds "9"]
[EventCountry "GER"]
[SourceTitle "EXT 2006"]
[Source "ChessBase"]
[SourceDate "2005.11.24"]
[SourceVersion "1"]
[SourceVersionDate "2005.11.24"]
[SourceQuality "1"]

1. e4 c5 2. d4 cxd4 3. c3 dxc3 4. Nxc3 e6 5. Nf3 a6 6. Bf4 d6 7. Rc1 Nc6 8. Bd3 Be7 9. 0-0 e5 10. Be3 Nf6 11. h3 0-0 12. Qe2 Be6 13. Rfd1 Rc8 14. Bb1 b5 15. a3 Bc4 16. Bd3 Bb3 17. Bc2 Bc4 18. Bd3 Be6 19. Bb1 Bc4 1/2-1/2

[Event "Wuerttemberg-ch Seniors 14th"]
[Site "Ellwangen"]
[Date "2002.??.??"]
[Round "9"]
[White "Peraus, Franz"]
[Black "Koenig, Gerd"]
[Result "1/2-1/2"]
[WhiteElo "1608"]
[BlackElo "1735"]
[PlyCount "38"]
[EventDate "2002.03.30"]
[EventType "swiss"]
[EventRounds "9"]
[EventCountry "GER"]
[SourceTitle "EXT 2006"]
[Source "ChessBase"]
[SourceDate "2005.11.24"]
[SourceVersion "1"]
[SourceVersionDate "2005.11.24"]
[SourceQuality "1"]

1. c4 e5 2. Nc3 Nf6 3. g3 d5 4. cxd5 Nxd5 5. Bg2 Nxc3 6. bxc3 c6 7. Nf3 Bd6 8. 0-0 Be6 9. d4 exd4 10. cxd4 f6 11. e4 0-0 12. e5 fxe5 13. Nxe5 Nd7 14. Nxd7 Qxd7 15. d5 cxd5 16. Bxd5 Be5 17. Bxe6+ Qxe6 18. Re1 Qf6 19. Qd5+ Kh8 1/2-1/2